[Event "DEN-chT 2324 61st"]
[Site "Denmark"]
[Date "2023.12.10"]
[Round "4.5"]
[White "Kristensen, Kaare Hove"]
[Black "Pedersen, Henrik Dahl"]
[Result "1-0"]
[WhiteElo "2258"]
[BlackElo "2217"]
[PlyCount "95"]
[EventDate "2023.10.28"]
[EventType "team-tourn"]
[EventRounds "9"]
[EventCountry "DEN"]
[SourceTitle "CB11_2024"]
[SourceDate "2024.03.13"]
[SourceVersion "1"]
[SourceVersionDate "2024.03.13"]
[SourceQuality "1"]
[WhiteTeam "Nordkalotten"]
[BlackTeam "Koge"]
[WhiteTeamCountry "DEN"]
[BlackTeamCountry "DEN"]

1. Nf3 d5 2. c4 e6 3. d4 Nf6 4. Nc3 dxc4 5. e3 a6 6. a4 b6 7. Bxc4 Bb7 8. 0-0 Bb4 9. Qe2 0-0 10. Rd1 Qe7 11. Ne5 Rd8 12. Nd3 Nc6 13. Nxb4 Nxb4 14. Bd2 c5 15. dxc5 bxc5 16. Be1 Nfd5 17. Nxd5 exd5 18. Bxb4 dxc4 19. Bc3 Qg5 20. e4 Qg6 21. f3 Qe6 22. Qe3 Qc6 23. Rxd8+ Rxd8 24. Bxg7 Rd3 25. Qg5 Qg6 26. Qxg6 hxg6 27. Bf6 Bc6 28. Rc1 Rd6 29. Be5 Re6 30. Bf4 Bxa4 31. Rxc4 Be8 32. Rxc5 f6 33. Bd2 Bc6 34. Bc3 Kf7 35. Kf2 g5 36. g4 Bb5 37. h4 gxh4 38. Rh5 Kg6 39. Rxh4 Rc6 40. Rh5 Rd6 41. f4 Rc6 42. Ke3 Ba4 43. f5+ Kf7 44. Rh7+ Kg8 45. Rh6 Kf7 46. e5 fxe5 47. Rxc6 Bxc6 48. g5 1-0

[Event "DEN-chT 2324 61st"]
[Site "Denmark"]
[Date "2023.11.26"]
[Round "3.6"]
[White "Seegert, Kristian"]
[Black "Pedersen, Henrik Dahl"]
[Result "1/2-1/2"]
[WhiteElo "2211"]
[BlackElo "2217"]
[PlyCount "138"]
[EventDate "2023.10.28"]
[EventType "team-tourn"]
[EventRounds "9"]
[EventCountry "DEN"]
[SourceTitle "CB11_2024"]
[SourceDate "2024.03.13"]
[SourceVersion "1"]
[SourceVersionDate "2024.03.13"]
[SourceQuality "1"]
[WhiteTeam "BMS"]
[BlackTeam "Koge"]
[WhiteTeamCountry "DEN"]
[BlackTeamCountry "DEN"]

1. e4 e5 2. Nf3 Nf6 3. Nc3 Bb4 4. Bc4 0-0 5. 0-0 d6 6. d3 Bg4 7. Bg5 Bxc3 8. bxc3 h6 9. Bd2 Nbd7 10. h3 Be6 11. Bb3 a5 12. Re1 Nc5 13. Be3 b6 14. Bxc5 bxc5 15. d4 c4 16. Ba4 Bd7 17. Bxd7 Nxd7 18. Qe2 exd4 19. cxd4 Nb6 20. c3 Re8 21. Nd2 d5 22. Qf3 Qg5 23. Re3 c6 24. Rb1 Reb8 25. Rbe1 Nd7 26. exd5 cxd5 27. Re7 Nf6 28. R1e3 a4 29. R7e5 Qg6 30. Rf5 a3 31. Qf4 Rb2 32. Nf3 Ne4 33. Ne5 Qe6 34. f3 Nd6 35. Rh5 Rxa2 36. Ng4 Qg6 37. Rxd5 Ne8 38. Re1 Nf6 39. Rde5 Rb2 40. Qc1 Qc2 41. Qxc2 Rxc2 42. Nxf6+ gxf6 43. Re8+ Rxe8 44. Rxe8+ Kg7 45. Ra8 Rxc3 46. Kf2 f5 47. Ke2 f4 48. Kd2 Rb3 49. Ra6 h5 50. h4 f6 51. Ra4 Kf7 52. Rxc4 Rb2+ 53. Kd3 a2 54. Ra4 f5 55. Kc4 Rxg2 56. Kd5 Re2 57. Ra7+ Kf6 58. Ra6+ Ke7 59. Ra7+ Kd8 60. Kd6 Kc8 61. d5 Kb8 62. Ra3 Kb7 63. Kd7 Kb6 64. d6 Kb5 65. Kc7 Kb4 66. Ra8 Rc2+ 67. Kb7 Rd2 68. Kc7 Rc2+ 69. Kb7 Rd2 1/2-1/2

[Event "Koge op 4th"]
[Site "Koge"]
[Date "2023.04.23"]
[Round "7"]
[White "Pedersen, Henrik Dahl"]
[Black "Henriksen, Kasper"]
[Result "1/2-1/2"]
[WhiteElo "2218"]
[BlackElo "2130"]
[PlyCount "119"]
[EventDate "2023.04.21"]
[EventType "swiss"]
[EventRounds "7"]
[EventCountry "DEN"]
[SourceTitle "EXT 2024"]
[Source "ChessBase"]
[SourceDate "2023.10.10"]
[SourceVersion "1"]
[SourceVersionDate "2023.10.10"]
[SourceQuality "1"]

1. c4 Nf6 2. g3 g6 3. Bg2 Bg7 4. Nc3 0-0 5. Nf3 d6 6. 0-0 Nc6 7. d3 e5 8. Bg5 h6 9. Bd2 Be6 10. Rc1 Qd7 11. a3 Ne7 12. b4 Bh3 13. Qb3 Bxg2 14. Kxg2 Qe6 15. e4 Nh5 16. Nd5 Qd7 17. Nxe7+ Qxe7 18. c5 c6 19. b5 dxc5 20. b6 axb6 21. Qxb6 Rxa3 22. Rxc5 Qd8 23. Qxb7 Qxd3 24. Be3 Qxe4 25. Qxc6 Qxc6 26. Rxc6 Rd3 27. Rb1 Rd7 28. Rb4 Re8 29. Rbc4 Kh7 30. Rh4 Nf6 31. Bxh6 Bxh6 32. Rxf6 Kg7 33. Rc6 e4 34. Ne1 e3 35. fxe3 Rd2+ 36. Kf1 Bxe3 37. Rc2 Red8 38. Rhc4 Rxc2 39. Nxc2 Bh6 40. Nd4 Be3 41. Ne2 Rd2 42. Re4 Bc5 43. g4 f5 44. Rc4 Bd6 45. h3 fxg4 46. Rxg4 Rd3 47. Kg2 Be5 48. Ng1 Rd4 49. Nf3 Rxg4+ 50. hxg4 Bb2 51. Nd2 Bc3 52. Ne4 Bb2 53. Kf3 Bc1 54. Nc5 Kf6 55. Nd3 Bd2 56. Nf2 Bc1 57. Nd3 Bd2 58. Nf2 Bc1 59. Nd3 Bd2 60. Ke4 1/2-1/2

[Event "Koge op 4th"]
[Site "Koge"]
[Date "2023.04.21"]
[Round "3"]
[White "Iskos, Lukas"]
[Black "Pedersen, Henrik Dahl"]
[Result "1/2-1/2"]
[WhiteElo "2013"]
[BlackElo "2218"]
[PlyCount "81"]
[EventDate "2023.04.21"]
[EventType "swiss"]
[EventRounds "7"]
[EventCountry "DEN"]
[SourceTitle "EXT 2024"]
[Source "ChessBase"]
[SourceDate "2023.10.10"]
[SourceVersion "1"]
[SourceVersionDate "2023.10.10"]
[SourceQuality "1"]

1. d4 Nf6 2. Nf3 g6 3. c4 c5 4. d5 b5 5. cxb5 a6 6. bxa6 Bxa6 7. Nc3 d6 8. e4 Bxf1 9. Kxf1 Nbd7 10. g3 Bg7 11. Kg2 0-0 12. Re1 Ne8 13. Bf4 Qb8 14. Qe2 h6 15. h4 Nef6 16. Qd2 Kh7 17. e5 Nh5 18. exd6 exd6 19. a4 Nxf4+ 20. Qxf4 Qxb2 21. Nb5 Ne5 22. Nxe5 Bxe5 23. Qg4 Qb3 24. Ra3 Qxd5+ 25. Qf3 Qxf3+ 26. Kxf3 f5 27. Rd1 f4 28. Ke4 fxg3 29. fxg3 Ra6 30. Nc7 Ra5 31. Rb1 Ra7 32. Nb5 Rb7 33. a5 Ra8 34. a6 Rb6 35. Nc7 Raxa6 36. Rxb6 Rxa3 37. Rb7 Rxg3 38. Kd5 Rg4 39. Ke6 Rxh4 40. Nd5+ Kg8 41. Rb8+ 1/2-1/2

[Event "Koge op 4th"]
[Site "Koge"]
[Date "2023.04.21"]
[Round "2"]
[White "Pedersen, Henrik Dahl"]
[Black "Jacobsen, Mikkel Manosri"]
[Result "0-1"]
[WhiteElo "2218"]
[BlackElo "2309"]
[PlyCount "113"]
[EventDate "2023.04.21"]
[EventType "swiss"]
[EventRounds "7"]
[EventCountry "DEN"]
[SourceTitle "EXT 2024"]
[Source "ChessBase"]
[SourceDate "2023.10.10"]
[SourceVersion "1"]
[SourceVersionDate "2023.10.10"]
[SourceQuality "1"]

1. d4 d5 2. c4 e6 3. Nf3 a6 4. g3 dxc4 5. Bg2 Nc6 6. 0-0 Rb8 7. e4 Be7 8. Nc3 Nf6 9. d5 Nb4 10. Ne5 exd5 11. exd5 Bf5 12. Bf4 Nd3 13. Nxc4 Nxf4 14. gxf4 0-0 15. Ne3 Bd7 16. Qd4 Ne8 17. Ne4 Nd6 18. Nxd6 Bxd6 19. Nc4 Bb5 20. Nxd6 Bxf1 21. Nf5 f6 22. Rxf1 g6 23. Ne3 Qd7 24. Rc1 Rf7 25. f5 g5 26. h4 gxh4 27. Qxh4 Kh8 28. Rc4 Qb5 29. b3 Qa5 30. a4 Qe1+ 31. Kh2 Rg8 32. Rg4 Rxg4 33. Nxg4 Qc3 34. Qh5 Kg7 35. Qh6+ Kg8 36. Qe3 Qxe3 37. fxe3 Kg7 38. e4 h5 39. Ne3 Kh6 40. Nc2 c6 41. Nd4 cxd5 42. exd5 Rc7 43. Ne6 Rc3 44. d6 Rd3 45. Nc5 Rxd6 46. Nxb7 Rd3 47. Nc5 Rc3 48. b4 a5 49. Ne4 Ra3 50. bxa5 Rxa4 51. Nxf6 Kg5 52. Ne4+ Kxf5 53. Nd6+ Ke6 54. Nb7 Ra2 55. a6 Kd7 56. Nc5+ Kc7 57. Kh3 0-1

[Event "DEN-chT 2223 60th"]
[Site "Denmark"]
[Date "2022.12.04"]
[Round "4.7"]
[White "Vesterli, Michael"]
[Black "Pedersen, Henrik Dahl"]
[Result "1-0"]
[WhiteElo "2184"]
[BlackElo "2233"]
[PlyCount "55"]
[EventDate "2022.10.29"]
[EventType "team-tourn"]
[EventRounds "9"]
[EventCountry "DEN"]
[SourceTitle "EXT 2024"]
[Source "ChessBase"]
[SourceDate "2023.10.10"]
[SourceVersion "1"]
[SourceVersionDate "2023.10.10"]
[SourceQuality "1"]
[WhiteTeam "BMS"]
[BlackTeam "Koge Xtracon"]
[WhiteTeamCountry "DEN"]
[BlackTeamCountry "DEN"]

1. d4 Nf6 2. c4 e6 3. Nf3 b6 4. g3 Bb7 5. Bg2 Be7 6. 0-0 0-0 7. Nc3 Ne4 8. Qc2 Nxc3 9. Qxc3 c5 10. Be3 Bf6 11. Qd3 Qc8 12. dxc5 bxc5 13. Qd6 Nc6 14. Qxc5 Bxb2 15. Rab1 Bf6 16. Bf4 Be7 17. Qb5 Ba6 18. Qa4 d6 19. Nd2 Nd4 20. Rfe1 d5 21. Rbc1 Qb7 22. cxd5 Nxe2+ 23. Rxe2 Bxe2 24. d6 Qb2 25. Rb1 Qf6 26. dxe7 Qxe7 27. Bxa8 Rxa8 28. Qe4 1-0

[Event "Koge Lang Sommer 3rd"]
[Site "Koge"]
[Date "2022.07.09"]
[Round "8"]
[White "Pedersen, Henrik Dahl"]
[Black "Andersen, Soren Mikkel"]
[Result "0-1"]
[WhiteElo "2230"]
[BlackElo "2139"]
[PlyCount "106"]
[EventDate "2022.07.06"]
[EventType "tourn"]
[EventRounds "9"]
[EventCountry "DEN"]
[SourceTitle "CBM 209 Extra"]
[Source "ChessBase"]
[SourceDate "2022.09.30"]
[SourceVersion "1"]
[SourceVersionDate "2022.09.30"]
[SourceQuality "1"]

1. e4 c5 2. Nf3 d6 3. d4 cxd4 4. Nxd4 Nf6 5. Nc3 a6 6. f3 e6 7. Be3 b5 8. g4 Bb7 9. Qd2 Nfd7 10. 0-0-0 Nb6 11. a3 N8d7 12. h4 Ne5 13. Bf2 Nec4 14. Bxc4 Nxc4 15. Qd3 Rc8 16. f4 Qc7 17. Nde2 Be7 18. g5 0-0 19. Rhf1 Qa5 20. Be1 b4 21. Na2 Qb6 22. Bf2 Qc7 23. axb4 Rfd8 24. Kb1 a5 25. b5 a4 26. Rc1 Bxe4 27. Qc3 Qb7 28. Ng3 d5 29. Nxe4 dxe4 30. Rfd1 Rxd1 31. Rxd1 Na3+ 32. bxa3 Rxc3 33. Nxc3 f5 34. b6 Qc6 35. Bd4 Bd8 36. Ka2 Bxb6 37. Bxb6 Qxc3 38. Rd8+ Kf7 39. Kb1 e3 40. Rd3 Qe1+ 41. Kb2 e2 42. h5 Qd1 43. Ba5 e1Q 44. Bxe1 Qxe1 45. Rd7+ Kf8 46. Rd8+ Ke7 47. Rh8 h6 48. Rh7 hxg5 49. fxg5 Qe5+ 50. Kb1 Kf8 51. Rh8+ Kf7 52. Rh7 Qb8+ 53. Ka2 Kg8 0-1

[Event "Koge Lang Sommer 3rd"]
[Site "Koge"]
[Date "2022.07.08"]
[Round "6"]
[White "Hari, Charan Sai Kalluri"]
[Black "Pedersen, Henrik Dahl"]
[Result "0-1"]
[WhiteElo "2041"]
[BlackElo "2230"]
[PlyCount "108"]
[EventDate "2022.07.06"]
[EventType "tourn"]
[EventRounds "9"]
[EventCountry "DEN"]
[SourceTitle "CBM 209 Extra"]
[Source "ChessBase"]
[SourceDate "2022.09.30"]
[SourceVersion "1"]
[SourceVersionDate "2022.09.30"]
[SourceQuality "1"]

1. d4 Nf6 2. Nf3 b6 3. g3 Bb7 4. Bg2 e6 5. 0-0 Be7 6. c4 0-0 7. Nc3 d6 8. Qc2 c5 9. Rd1 cxd4 10. Nxd4 Bxg2 11. Kxg2 Qc7 12. b3 Nbd7 13. e4 a6 14. f3 Rac8 15. a4 Rfd8 16. Be3 h6 17. Qa2 Qb7 18. Qb2 Ne5 19. Rac1 g5 20. h3 Kh7 21. Qc2 Rg8 22. Kf2 Rg6 23. Rg1 Rcg8 24. g4 Rc8 25. Qb1 Rgg8 26. Rgd1 Ng6 27. Nce2 Ne8 28. b4 Ng7 29. Qd3 Rgf8 30. Qb1 Kg8 31. Ng3 Nh4 32. Ke2 Bf6 33. Qd3 Be5 34. Rg1 f5 35. gxf5 Bxg3 36. Rxg3 exf5 37. Rgg1 Rce8 38. c5 fxe4 39. fxe4 dxc5 40. bxc5 Rxe4 41. c6 Qe7 42. c7 Nhf5 43. Nxf5 Nxf5 44. Qd5+ Kg7 45. c8Q Rxe3+ 46. Kd1 Rxc8 47. Rxc8 Re6 48. Kc1 Qa3+ 49. Kb1 Qb4+ 50. Ka1 Qxa4+ 51. Kb1 Qb4+ 52. Ka1 Qd4+ 53. Qxd4+ Nxd4 54. h4 Nf3 0-1

[Event "Koge Lang Sommer 3rd"]
[Site "Koge"]
[Date "2022.07.08"]
[Round "5"]
[White "Pedersen, Henrik Dahl"]
[Black "Meskenas, Paulius"]
[Result "1-0"]
[WhiteElo "2230"]
[BlackElo "2168"]
[PlyCount "94"]
[EventDate "2022.07.06"]
[EventType "tourn"]
[EventRounds "9"]
[EventCountry "DEN"]
[SourceTitle "CBM 209 Extra"]
[Source "ChessBase"]
[SourceDate "2022.09.30"]
[SourceVersion "1"]
[SourceVersionDate "2022.09.30"]
[SourceQuality "1"]

1. e4 e5 2. Bc4 Nf6 3. d3 Be7 4. Nc3 Nc6 5. f4 d6 6. Nf3 Bg4 7. h3 Bxf3 8. Qxf3 Na5 9. Be3 Nxc4 10. dxc4 c6 11. 0-0-0 Qc7 12. f5 0-0-0 13. Qf2 Qa5 14. Bxa7 c5 15. Kb1 Qxa7 16. g4 h6 17. Qe2 Kd7 18. h4 Ne8 19. Rh3 Nc7 20. Qd3 Qa6 21. Rg1 Rdf8 22. a4 Qc6 23. Qf3 Kd8 24. b3 Qd7 25. Kb2 Kc8 26. Rd1 g6 27. a5 gxf5 28. gxf5 Bd8 29. Qh5 Rfg8 30. Rhd3 Ne8 31. Nb5 Bc7 32. Ra1 Kb8 33. a6 b6 34. Rad1 Qe7 35. Qe2 Rh7 36. Qd2 f6 37. b4 Qf7 38. Qc3 Qd7 39. bxc5 bxc5 40. Qb3 Ka8 41. Ka2 Qc6 42. Qa4 Rd7 43. Rb1 Rg2 44. Rb2 Bd8 45. Rdb3 Ra7 46. Na3 Qc8 47. Qc6+ Qxc6 1-0

[Event "DEN-chT 2122 59th"]
[Site "Denmark"]
[Date "2022.01.16"]
[Round "4.1"]
[White "Pedersen, Henrik Dahl"]
[Black "Thogersen, Rasmus"]
[Result "1/2-1/2"]
[WhiteElo "2227"]
[BlackElo "2278"]
[PlyCount "116"]
[EventDate "2021.10.30"]
[EventType "team-tourn"]
[EventRounds "9"]
[EventCountry "DEN"]
[SourceTitle "EXT 2024"]
[Source "ChessBase"]
[SourceDate "2023.10.10"]
[SourceVersion "1"]
[SourceVersionDate "2023.10.10"]
[SourceQuality "1"]
[WhiteTeam "Koge Xtracon"]
[BlackTeam "Copenhagen 68"]
[WhiteTeamCountry "DEN"]
[BlackTeamCountry "DEN"]

1. c4 g6 2. Nc3 c5 3. g3 Bg7 4. Bg2 Nc6 5. d3 e6 6. e4 Nge7 7. Nge2 0-0 8. 0-0 a6 9. Be3 Nd4 10. Qd2 Rb8 11. Bh6 Nec6 12. Bxg7 Kxg7 13. Nxd4 Nxd4 14. Ne2 Nxe2+ 15. Qxe2 e5 16. Bh3 b5 17. b3 Qe7 18. f4 Rb6 19. Rac1 Bb7 20. Qb2 d6 21. f5 Qg5 22. f6+ Kg8 23. Qe2 Rb8 24. Bd7 Rd8 25. Bg4 Bc6 26. h4 Qh6 27. Rc2 a5 28. h5 bxc4 29. dxc4 a4 30. hxg6 hxg6 31. Qf3 axb3 32. axb3 Qg5 33. Rh2 Rdb8 34. Qh1 Qe3+ 35. Rff2 Qe1+ 36. Kg2 Bxe4+ 37. Bf3 Bxf3+ 38. Kxf3 Rxb3+ 39. Kg4 Qxh1 40. Rxh1 R8b4 41. Rc2 d5 42. Re1 Rxc4+ 43. Rxc4 dxc4 44. Rxe5 Rb5 45. Kf4 c3 46. Ke3 c2 47. Kd2 c1Q+ 48. Kxc1 Kh7 49. Re7 Kh6 50. Rxf7 Rb3 51. Rf8 Rf3 52. Kd2 Kg5 53. f7 c4 54. Ke2 Rf6 55. Rc8 Rxf7 56. Rxc4 Rf6 57. Rb4 Kh5 58. Rh4+ Kg5 1/2-1/2

[Event "Koge Weekend-A 2nd"]
[Site "Koge"]
[Date "2021.05.15"]
[Round "2"]
[White "Olsen, Filip Boe"]
[Black "Pedersen, Henrik Dahl"]
[Result "1-0"]
[WhiteElo "2398"]
[BlackElo "2241"]
[PlyCount "83"]
[EventDate "2021.05.14"]
[EventType "swiss"]
[EventRounds "5"]
[EventCountry "DEN"]
[SourceTitle "EXT 2023"]
[Source "ChessBase"]
[SourceDate "2022.10.05"]
[SourceVersion "1"]
[SourceVersionDate "2022.10.05"]
[SourceQuality "1"]

1. d4 d5 2. Nf3 Nf6 3. Bf4 e6 4. e3 c5 5. Nbd2 Nc6 6. Bd3 Bd6 7. Bg3 Qe7 8. c3 Bxg3 9. hxg3 e5 10. dxe5 Nxe5 11. Nxe5 Qxe5 12. Bb5+ Kf8 13. Qa4 a6 14. Be2 Bd7 15. Qf4 Qxf4 16. gxf4 a5 17. Nf3 Bg4 18. Ne5 Bxe2 19. Kxe2 Ke7 20. Rad1 Ra6 21. f3 b5 22. Ng4 Rd6 23. Nxf6 gxf6 24. Rh5 Ke6 25. e4 dxe4 26. Rxd6+ Kxd6 27. fxe4 Rg8 28. Kf3 Rg7 29. Rd5+ Kc6 30. Rf5 Rg6 31. Rh5 Rg7 32. Rh6 b4 33. c4 a4 34. Rxf6+ Kb7 35. g4 Rg8 36. Rxf7+ Kb6 37. e5 Rd8 38. e6 a3 39. bxa3 Rd3+ 40. Ke4 Rxa3 41. e7 Rxa2 42. Kf5 1-0

[Event "Koge Lang Sommer Weekend"]
[Site "Koge"]
[Date "2020.07.24"]
[Round "4"]
[White "Eriksson, Christian Altenburg"]
[Black "Pedersen, Henrik Dahl"]
[Result "0-1"]
[WhiteElo "2119"]
[BlackElo "2225"]
[PlyCount "74"]
[EventDate "2020.07.22"]
[EventType "swiss"]
[EventRounds "7"]
[EventCountry "DEN"]
[SourceTitle "EXT 2021"]
[Source "ChessBase"]
[SourceDate "2020.10.23"]
[SourceVersion "1"]
[SourceVersionDate "2020.10.23"]
[SourceQuality "1"]

1. e4 e6 2. d4 d5 3. e5 c5 4. c3 Nc6 5. Nf3 Qb6 6. a3 Bd7 7. Be2 Nh6 8. b4 cxd4 9. cxd4 Nf5 10. Be3 f6 11. exf6 gxf6 12. Bd3 Nxe3 13. fxe3 Bd6 14. 0-0 0-0-0 15. Nc3 Ne7 16. Rc1 Kb8 17. Kh1 Rc8 18. Qb3 f5 19. Na4 Bxa4 20. Qxa4 Qd8 21. b5 Rg8 22. Qb3 Rxc1 23. Rxc1 Ng6 24. g3 h5 25. Rg1 Nf8 26. a4 Nd7 27. Qa2 Nf6 28. a5 Ng4 29. a6 b6 30. Qd2 Qe7 31. Rc1 h4 32. gxh4 Bxh2 33. Nxh2 Qxh4 34. Rc2 Rh8 35. Kg1 Qg3+ 36. Qg2 Qxe3+ 37. Kf1 Qxd3+ 0-1

[Event "Koge Lang Sommer Weekend"]
[Site "Koge"]
[Date "2020.07.23"]
[Round "2"]
[White "Koch Mueller, Oscar"]
[Black "Pedersen, Henrik Dahl"]
[Result "0-1"]
[WhiteElo "1939"]
[BlackElo "2225"]
[PlyCount "80"]
[EventDate "2020.07.22"]
[EventType "swiss"]
[EventRounds "7"]
[EventCountry "DEN"]
[SourceTitle "EXT 2021"]
[Source "ChessBase"]
[SourceDate "2020.10.23"]
[SourceVersion "1"]
[SourceVersionDate "2020.10.23"]
[SourceQuality "1"]

1. d4 e6 2. c4 Nf6 3. Nc3 Bb4 4. e3 b6 5. Nge2 Bb7 6. a3 Be7 7. d5 0-0 8. e4 exd5 9. exd5 Re8 10. g3 Ng4 11. Bg2 Bc5 12. 0-0 Ba6 13. Nb5 Bxb5 14. cxb5 Qf6 15. Qe1 Qe5 16. Bf3 Qh5 17. h4 Qg6 18. b4 Ne5 19. Bg2 Nd3 20. Qd2 Bxf2+ 21. Rxf2 Nxf2 22. Kxf2 Qf6+ 23. Qf4 Qxa1 24. Qxc7 d6 25. Qxd6 Nd7 26. Qxd7 Rad8 27. Qxa7 Rxe2+ 28. Kxe2 Qxc1 29. Qxb6 Re8+ 30. Kf3 Qd1+ 31. Kf4 Qd2+ 32. Kf3 Qe2+ 33. Kf4 Qxg2 34. Qd4 Qf1+ 35. Kg4 Qe2+ 36. Kf4 h5 37. Kf5 g6+ 38. Kg5 Kh7 39. Qf4 Re5+ 40. Kf6 Rxd5 0-1

[Event "EU-ch Online U2300 Final"]
[Site "Chess.com INT"]
[Date "2020.05.26"]
[Round "4"]
[White "Lopez Varela, Pablo"]
[Black "Pedersen, Henrik Dahl"]
[Result "0-1"]
[WhiteElo "2177"]
[BlackElo "2225"]
[PlyCount "108"]
[EventDate "2020.05.26"]
[EventType "swiss"]
[EventRounds "8"]
[EventCountry "NET"]
[SourceTitle "CBM 196 Extra"]
[Source "ChessBase"]
[SourceDate "2020.07.31"]
[SourceVersion "1"]
[SourceVersionDate "2020.07.31"]
[SourceQuality "1"]

1. e4 c6 2. Nc3 d5 3. Nf3 Bg4 4. h3 Bxf3 5. Qxf3 e6 6. d3 Bb4 7. Bd2 d4 8. Nb1 Bxd2+ 9. Nxd2 Ne7 10. g4 0-0 11. Qg3 Qa5 12. f4 Na6 13. a3 b5 14. f5 Qc7 15. Qg2 Nc5 16. Be2 a5 17. 0-0 Na4 18. Nf3 c5 19. Rab1 Nc6 20. Kh1 Rac8 21. f6 Ne5 22. fxg7 Kxg7 23. Qf2 Nxf3 24. Qxf3 Qe5 25. g5 f6 26. gxf6+ Rxf6 27. Rg1+ Kh8 28. Qg4 Rg6 29. Qh4 Qf6 30. Qh5 Rcg8 31. Rgf1 Qg5 32. Qxg5 Rxg5 33. Bg4 e5 34. Rf7 h5 35. Bf5 R5g7 36. Rf6 Re8 37. Rh6+ Kg8 38. Rxh5 c4 39. dxc4 bxc4 40. h4 Kf7 41. Rf1 Ke7 42. Rh6 Nxb2 43. Re6+ Kd8 44. Rxe8+ Kxe8 45. h5 Rg5 46. Bg6+ Ke7 47. Rf7+ Ke6 48. Ra7 d3 49. cxd3 cxd3 50. Ra6+ Ke7 51. Ra7+ Kd6 52. Bf5 Rxh5+ 53. Kg2 Kc5 54. Rd7 Kc4 0-1

[Event "EU-ch Online U2300 Qual"]
[Site "Chess.com INT"]
[Date "2020.05.25"]
[Round "5"]
[White "Shapiro, David"]
[Black "Pedersen, Henrik Dahl"]
[Result "1/2-1/2"]
[WhiteElo "2392"]
[BlackElo "2225"]
[PlyCount "121"]
[EventDate "2020.05.25"]
[EventType "swiss"]
[EventRounds "8"]
[EventCountry "NET"]
[SourceTitle "EXT 2021"]
[Source "ChessBase"]
[SourceDate "2020.10.23"]
[SourceVersion "1"]
[SourceVersionDate "2020.10.23"]
[SourceQuality "1"]

1. d4 Nf6 2. Nc3 d5 3. Bf4 c6 4. e3 Bf5 5. f3 e6 6. g4 Bg6 7. h4 h5 8. g5 Nfd7 9. Bd3 Bxd3 10. Qxd3 g6 11. e4 Bg7 12. exd5 exd5 13. 0-0-0 0-0 14. Bd6 Re8 15. f4 Nb6 16. Be5 Nc4 17. b3 Nd6 18. Nge2 Nf5 19. Ng3 Nxg3 20. Qxg3 Nd7 21. Bxg7 Kxg7 22. f5 Qb8 23. Qf3 Qd6 24. Rhf1 Rf8 25. Ne2 a5 26. Ng3 a4 27. Kb1 axb3 28. cxb3 Qa3 29. Rd2 Qb4 30. Rff2 Nb6 31. Nxh5+ gxh5 32. f6+ Kg8 33. Qxh5 Rfe8 34. g6 Re1+ 35. Rd1 Rxd1+ 36. Qxd1 fxg6 37. f7+ Kf8 38. Qc1 Qxd4 39. Qh6+ Qg7 40. Qf4 Nc8 41. Qb4+ Ne7 42. Qxb7 Rc8 43. Re2 Qf6 44. Rxe7 Qf5+ 45. Kb2 c5 46. Re8+ Rxe8 47. fxe8Q+ Kxe8 48. Qc6+ Kf7 49. Qxc5 Qe4 50. a4 d4 51. a5 Qe2+ 52. Ka3 d3 53. Qd5+ Kg7 54. Qd7+ Kh6 55. Qd8 Kh7 56. Qd7+ Kh6 57. Qd8 Kh7 58. Qc7+ Kh6 59. Qf4+ Kh7 60. Qc7+ Kh6 61. Qd8 1/2-1/2

[Event "Faxe Dags op"]
[Site "Faxe"]
[Date "2016.05.17"]
[Round "7"]
[White "Stuhr, Peter Sebastian"]
[Black "Pedersen, Henrik Dahl"]
[Result "0-1"]
[WhiteElo "1989"]
[BlackElo "2206"]
[PlyCount "98"]
[EventDate "2016.03.30"]
[EventType "swiss"]
[EventRounds "7"]
[EventCountry "DEN"]
[SourceTitle "EXT 2021"]
[Source "ChessBase"]
[SourceDate "2020.10.23"]
[SourceVersion "1"]
[SourceVersionDate "2020.10.23"]
[SourceQuality "1"]

1. e4 e6 2. Nc3 d5 3. f4 dxe4 4. Nxe4 Nf6 5. Ng3 h5 6. Bc4 h4 7. Nf1 Bd6 8. d3 Bd7 9. Qe2 Nc6 10. Be3 Qe7 11. Nd2 Nb4 12. Ne4 Nfd5 13. Bxd5 Nxd5 14. Nxd6+ Qxd6 15. Nh3 Nxe3 16. Qxe3 Qb4+ 17. Qd2 Qxb2 18. 0-0 Qd4+ 19. Kh1 Bc6 20. Rae1 0-0-0 21. Qe3 g6 22. Kg1 Qd5 23. Qf2 Rh5 24. a3 Rd7 25. Re4 Qc5 26. Qxc5 Rxc5 27. Re2 Ba4 28. Rff2 Rc3 29. Ng5 Rxa3 30. Nf3 Ra1+ 31. Rf1 Rxf1+ 32. Kxf1 a5 33. Ne5 Rd4 34. Rf2 Be8 35. Nc4 a4 36. Ke2 b5 37. c3 Rd5 38. Ne3 Rd6 39. d4 b4 40. cxb4 Rxd4 41. Nc2 Bb5+ 42. Kf3 Rd3+ 43. Kg4 a3 44. Kxh4 a2 45. Na1 Bc4 46. Rf1 Rd4 47. Rc1 Bd5 48. Rc3 Rd1 49. Nc2 Rc1 0-1

[Event "Faxe Dags op"]
[Site "Faxe"]
[Date "2016.04.27"]
[Round "5"]
[White "Petersen, Bent Wester"]
[Black "Pedersen, Henrik Dahl"]
[Result "0-1"]
[WhiteElo "1936"]
[BlackElo "2206"]
[PlyCount "48"]
[EventDate "2016.03.30"]
[EventType "swiss"]
[EventRounds "7"]
[EventCountry "DEN"]
[SourceTitle "EXT 2021"]
[Source "ChessBase"]
[SourceDate "2020.10.23"]
[SourceVersion "1"]
[SourceVersionDate "2020.10.23"]
[SourceQuality "1"]

1. d4 Nf6 2. c4 c5 3. e3 e6 4. Nc3 a6 5. Nf3 Qc7 6. d5 exd5 7. Nxd5 Nxd5 8. Qxd5 Be7 9. Bd2 Bf6 10. Qe4+ Kf8 11. g4 Nc6 12. Rb1 h6 13. Bg2 b6 14. b4 Bb7 15. Qf5 cxb4 16. Bxb4+ Nxb4 17. Rxb4 Bc3+ 18. Ke2 Bxb4 19. Ne5 d6 20. Ng6+ Kg8 21. Bd5 Bxd5 22. Qxd5 Rc8 23. Kd3 b5 24. Rc1 bxc4+ 0-1

[Event "Copenhagen Bronshoj op"]
[Site "Copenhagen"]
[Date "2016.??.??"]
[Round "2"]
[White "Nielsen, Thomas Bach"]
[Black "Pedersen, Henrik Dahl"]
[Result "0-1"]
[WhiteElo "2134"]
[BlackElo "2227"]
[PlyCount "94"]
[EventDate "2016.02.12"]
[EventType "swiss"]
[EventRounds "7"]
[EventCountry "DEN"]
[SourceTitle "CBM 170 Extra"]
[Source "ChessBase"]
[SourceDate "2016.02.25"]
[SourceVersion "1"]
[SourceVersionDate "2016.02.25"]
[SourceQuality "1"]

1. d4 Nf6 2. c4 c5 3. d5 e6 4. Nc3 exd5 5. cxd5 d6 6. e4 g6 7. f4 Bg7 8. e5 dxe5 9. fxe5 Nfd7 10. e6 fxe6 11. dxe6 Nf6 12. Qxd8+ Kxd8 13. Bc4 Bxe6 14. Bxe6 Re8 15. Nge2 Rxe6 16. 0-0 Nbd7 17. Bg5 h6 18. Nf4 Rd6 19. Bxf6+ Bxf6 20. Ne4 Bd4+ 21. Kh1 Rb6 22. Rad1 g5 23. Nd5 Re6 24. Nec3 a6 25. a4 Rc8 26. a5 Rcc6 27. Na4 Rcd6 28. Ndb6 Nxb6 29. axb6 Kd7 30. Rf5 Kc6 31. b4 cxb4 32. Rc1+ Bc3 33. Rc5+ Kd7 34. Rc7+ Kd8 35. Rxb7 Kc8 36. Rc7+ Kb8 37. Nc5 Rxb6 38. Nxe6 Rxe6 39. Rd7 a5 40. Rf1 Re1 41. Kg1 b3 42. Rxe1 Bxe1 43. Kf1 b2 44. Rd1 Bd2 45. Rb1 Bc1 46. Ke2 Kc7 47. Kd1 Kd6 0-1

[Event "Copenhagen Bronshoj op"]
[Site "Copenhagen"]
[Date "2016.??.??"]
[Round "1"]
[White "Pedersen, Henrik Dahl"]
[Black "Andersen, Daniel"]
[Result "1-0"]
[WhiteElo "2227"]
[BlackElo "1906"]
[PlyCount "63"]
[EventDate "2016.02.12"]
[EventType "swiss"]
[EventRounds "7"]
[EventCountry "DEN"]
[SourceTitle "CBM 170 Extra"]
[Source "ChessBase"]
[SourceDate "2016.02.25"]
[SourceVersion "1"]
[SourceVersionDate "2016.02.25"]
[SourceQuality "1"]

1. e4 e6 2. Nf3 d5 3. e5 c5 4. g3 Nc6 5. Bg2 f6 6. d4 cxd4 7. exf6 Nxf6 8. Nxd4 Bc5 9. Nb3 Bb6 10. 0-0 0-0 11. Nc3 a6 12. Bf4 Bc7 13. Ne2 e5 14. Bg5 Ne7 15. f4 Bb6+ 16. Kh1 e4 17. Ned4 Nf5 18. Nxf5 Bxf5 19. Nd4 Qd7 20. Bxf6 Rxf6 21. c3 Bh3 22. Qd2 Bxg2+ 23. Kxg2 Rff8 24. Rad1 Rfd8 25. f5 Bxd4 26. Qxd4 Qb5 27. Rf2 Qc4 28. Qe5 Qxa2 29. Qe6+ Kh8 30. f6 gxf6 31. Qxf6+ Kg8 32. Rf5 1-0